Pigenavne 2021 - Statistics

General Stats
  • This quiz has been taken 13 times
  • The average score is 20 of 50
Answer Stats
Hint Answer % Correct
13 Anna
100%
2 Ida
90%
1 Alma
80%
11 Karla
80%
3 Clara
70%
7 Emma
70%
20 Laura
70%
4 Ella
60%
45 Emilie
60%
38 Emily
60%
18 Frida
60%
24 Isabella
60%
37 Liv
60%
29 Liva
60%
39 Sofie
60%
9 Agnes
50%
28 Marie
50%
5 Olivia
50%
12 Sofia
50%
35 Victoria
50%
17 Alberte
40%
15 Asta
40%
6 Freja
40%
19 Josefine
40%
32 Maja
40%
36 Mille
40%
47 Rosa
40%
22 Ellen
30%
14 Ellie
30%
21 Esther
30%
27 Lærke
30%
31 Mathilde
30%
41 Molly
30%
10 Nora
30%
33 Vilma
30%
48 Alva
20%
23 Astrid
20%
50 Johanne
20%
46 Vera
20%
43 Andrea
10%
26 Aya
10%
49 Elina
10%
30 Hannah
10%
42 Lea
10%
16 Lily
10%
8 Luna
10%
34 Merle
10%
44 Gry
0%
40 Leonora
0%
25 Saga
0%
No matching quizzes found
Score Distribution
Percent of People with Each Score
Percentile by Number Answered
Your Score History
You have not taken this quiz